College Quizbowl Stats
College Quizbowl Stats
Circuits
Seasons
Sets
Records
Detailed Stats
About
Loading...
2024 Booster Shot (Vanderbilt)
Tossups
Bonuses
Players
Teams
Categories (Tossup)
Categories (Bonus)
Marianne Mathew
Vanderbilt B
Categories
Category
Powers
Gets
Negs
BBs
Points
Earliest Buzz
Avg. Buzz
First Buzzes
Top 3 Buzzes
Religion
0
2
0
0
20
81
96.00
0
2
Mythology
1
0
0
0
15
55
55.00
0
1
Science - Other Science
0
1
0
0
10
122
122.00
0
0
Science - Physics
0
1
0
1
10
122
122.00
1
1
Philosophy
0
0
0
0
0
0.00
0
0
Buzzes
Category
Answer
Value
Buzz Position
Mythology
Krishna
15
55
Religion
Brahmin
10
81
Religion
moon
10
111
Science - Other Science
derivative
10
122
Science - Physics
mass
10
122
Philosophy
philosopher
0
135
Previous
1
Next